Inauguració de la nova seu : Sabadell, 12 d'abril de 1983 / Arxiu Històric de Sabadell Sabadell, 12 d'abril de 1983 / Arxiu Històric de Sabadell
Descripción Física:
26 p. ; 24 cm
Materias:
Arxiu Històric de Sabadell
MARC
| LEADER | 00000nam a2200000Ia 4500 | ||
|---|---|---|---|
| 001 | 11415 | ||
| 008 | 160829s1983 xx 000 0 cat d | ||
| 080 | |a FU-12-87 | ||
| 110 | 2 | |a Arxiu Històric de Sabadell |9 56045 | |
| 245 | |a Inauguració de la nova seu : |b Sabadell, 12 d'abril de 1983 / Arxiu Històric de Sabadell | ||
| 260 | |a Sabadell : |b [l'Arxiu], |c 1983 | ||
| 300 | |a 26 p. ; |c 24 cm | ||
| 650 | |a Arxiu Històric de Sabadell | ||
| 901 | |a Arxiu | ||
| 942 | |n 1 | ||
| 952 | |0 0 |1 0 |4 0 |6 FU1287 |7 1 |9 42872 |a Arxiu |b Arxiu |d 2016-12-01 |l 0 |o FU-12-87 |p 11415 |r 2016-12-01 00:00:00 |w 2016-12-01 |y ARXIU | ||
| 999 | |c 45378 |d 45378 | ||